Régions de la Slovaquie - Statistiques

Statistiques générales
  • Ce quiz a été pris 62 fois
  • Le résultat moyen est 5 sur 8
Statistiques - réponses
Région % Correct
Bratislava
100%
Košice
77%
Nitra
69%
Žilina
69%
Prešov
58%
Trenčín
58%
Trnava
50%
Banská Bystrica
42%
Aucun quiz correspondant
Distribution des résultats
% des personnes avec chaque résultat
Percentile par nombre de réponses
Votre historique - résultats
Vous n’avez pas pris ce quiz